[Event "FIDE Grand Swiss 2021"]
[Site "Riga"]
[Date "03.11.2021"]
[Round "7"]
[White "Sadhwani, Raunak"]
[Black "Predke, Alexandr"]
[Result "0-1"]
[WhiteElo "2609"]
[BlackElo "2666"]

1. e4 e5 2. Nf3 Nc6 3. Bb5 a6 4. Ba4 Nf6 5. O-O Be7 6. Re1 b5 7. Bb3 Bb7 8.
d4 Nxd4 9. Nxd4 exd4 10. e5 Ne4 11. Qf3 O-O 12. Rxe4 c5 13. c4 f5 14. exf6
Rxf6 15. Qe2 Bxe4 16. Qxe4 d5 17. cxd5 c4 18. Bd1 Qf8 19. Bg4 Rxf2 20. Bf3
Rxf3 21. Qxf3 Qxf3 22. gxf3 Rd8 23. Nd2 Rxd5 24. Ne4 b4 25. Kf2 Kf7 26. Bf4
g5 27. Bc7 c3 28. Bb6 Bf8 29. Rd1 c2 30. Rc1 d3 31. Be3 Bg7 32. Nxg5+ Rxg5
33. Bxg5 Bxb2 34. h4 a5 35. Re1 Bd4+ 36. Kf1 Bf6 37. Bc1 Bc3 38. Re2 a4 39.
Rxc2 dxc2 40. Ke2 a3 0-1

[Event "FIDE Grand Swiss 2021"]
[Site "Riga"]
[Date "03.11.2021"]
[Round "7"]
[White "Grandelius, Nils"]
[Black "Keymer, Vincent"]
[Result "1-0"]
[WhiteElo "2662"]
[BlackElo "2630"]

1. e4 c6 2. d4 d5 3. e5 Bf5 4. g4 Be4 5. f3 Bg6 6. e6 Qd6 7. exf7+ Bxf7 8.
Nc3 Nd7 9. f4 e6 10. Nf3 Qc7 11. Bd3 Bd6 12. Ng5 h5 13. Bd2 Nf8 14. Rf1
hxg4 15. Qxg4 Bh5 16. Qg2 Ne7 17. Ne2 Qd7 18. Ng3 Bg6 19. Bxg6+ Nexg6 20.
O-O-O O-O-O 21. f5 Nh4 22. Qh3 e5 23. dxe5 Bxe5 24. Ne6 Nxf5 25. Qxh8 Nxe6
26. Qh3 Nxg3 27. hxg3 Nc5 28. Qxd7+ Rxd7 29. Be3 b6 30. g4 Ne4 31. Rf5 Re7
32. Rdf1 Kd7 33. Rf7 Bf6 34. Rxe7+ Bxe7 35. Rf7 g5 36. Kd1 c5 37. Ke2 b5
38. Rg7 b4 39. Rg8 a5 40. Ra8 Bd8 41. Ra6 d4 42. Bg1 Nf6 43. Kf3 Nd5 44.
Ke4 Nf6+ 45. Kf5 Nd5 46. Ke5 Nb6 47. b3 Kc6 48. Ke4 a4 49. bxa4 Kb7 50. Ra5
Nd7 51. Rb5+ Kc6 52. Kf5 Nb6 53. Ra5 Nc4 54. Ra8 Bc7 55. Kxg5 Na3 56. Kf5
Nxc2 57. Ke4 c4 58. Bxd4 c3 59. Be3 Kb7 60. Rf8 1-0

[Event "FIDE Grand Swiss 2021"]
[Site "Riga"]
[Date "03.11.2021"]
[Round "7"]
[White "Ponkratov, Pavel"]
[Black "Onyshchuk, Volodymyr"]
[Result "1-0"]
[WhiteElo "2659"]
[BlackElo "2622"]

1. e4 g6 2. d4 Bg7 3. Nc3 d6 4. Be3 a6 5. h4 h6 6. a4 Nf6 7. f3 h5 8. Qd2
Nc6 9. Bc4 Nb4 10. Bb3 a5 11. Nge2 d5 12. e5 Ng8 13. Nf4 c6 14. Nce2 Nh6
15. e6 Bxe6 16. Nxe6 fxe6 17. Nf4 Qd6 18. c3 Nf5 19. cxb4 Bh6 20. g3 e5 21.
Ng2 Nxe3 22. Nxe3 exd4 23. Qxd4 Qxg3+ 24. Ke2 O-O 25. Raf1 e5 26. Qd3 e4
27. fxe4 Bxe3 28. Qxe3 Qg2+ 29. Ke1 Rxf1+ 30. Rxf1 Re8 31. Rf3 axb4 32. Qf4
Ra8 33. Rg3 Qh1+ 34. Kd2 Qh2+ 35. Kd3 1-0

[Event "FIDE Grand Swiss 2021"]
[Site "Riga"]
[Date "03.11.2021"]
[Round "7"]
[White "Ponomariov, Ruslan"]
[Black "Howell, David W L"]
[Result "0-1"]
[WhiteElo "2631"]
[BlackElo "2658"]

1. e4 e5 2. Nf3 Nc6 3. Bb5 Nf6 4. d3 Bc5 5. Bxc6 dxc6 6. O-O Nd7 7. c3 h6
8. d4 Bd6 9. Nbd2 O-O 10. Nc4 exd4 11. Nxd4 Nc5 12. f3 Re8 13. Be3 Bf8 14.
Qc2 a5 15. Rad1 Qe7 16. Bf2 f6 17. b3 Qf7 18. Rfe1 a4 19. Bg3 Ne6 20. Nf5
Nc5 21. Nd4 Ne6 22. Nf5 g6 23. Nfe3 h5 24. Nb2 Nc5 25. b4 a3 26. Nbc4 Na4
27. Nxa3 Nb6 28. Qb2 Na4 29. Qc2 Be6 30. Rd2 Nb6 31. Qb2 Ra4 32. Red1 Bh6
33. Bf2 Qe7 34. Rd4 Rea8 35. Nec2 Nd7 36. c4 c5 37. bxc5 Nxc5 38. Qc3 Bf8
39. R4d2 b6 40. Qe3 Kh7 41. Bg3 Bh6 42. Bf4 Rxa3 43. Nxa3 Bxf4 44. Qxf4
Rxa3 45. h4 Bf7 46. Kh1 Kg7 47. Rc2 Nd3 48. Qd2 Qd6 49. Rb1 Qg3 50. Rb3
Qxh4+ 51. Kg1 Rxb3 52. axb3 Nc5 53. b4 Ne6 54. c5 bxc5 55. bxc5 Qg3 56. Qf2
Qe5 57. c6 Nd4 58. Rd2 Nxc6 59. Rd7 Nb8 60. Rd8 Nc6 61. Rd7 Nb8 62. Rd8 c5
63. Rc8 Nd7 64. Qd2 Nb6 65. Rc6 Nc4 66. Qd8 Qd4+ 67. Qxd4 cxd4 68. Kf2 d3
69. Rc8 h4 70. Rd8 d2 71. Ke2 g5 72. Rc8 Kg6 73. Rd8 Be6 74. Kf2 Kf7 75.
Ke2 Ke7 76. Rd4 Bd7 0-1

[Event "FIDE Grand Swiss 2021"]
[Site "Riga"]
[Date "03.11.2021"]
[Round "7"]
[White "Oparin, Grigoriy"]
[Black "Kollars, Dmitrij"]
[Result "1-0"]
[WhiteElo "2654"]
[BlackElo "2621"]

1. e4 e5 2. Nf3 Nc6 3. Bb5 a6 4. Ba4 Nf6 5. Nc3 Bc5 6. O-O b5 7. Bb3 O-O 8.
a4 Rb8 9. axb5 axb5 10. Nd5 Nxe4 11. d3 Nf6 12. Bg5 Be7 13. Nxe7+ Qxe7 14.
Re1 d6 15. d4 h6 16. Bh4 Bg4 17. c3 g5 18. Bg3 e4 19. Qd2 Nh5 20. Bd5 Bxf3
21. Bxc6 Rb6 22. Ba8 Nxg3 23. hxg3 Bh5 24. Bxe4 Qf6 25. b4 Rd8 26. Ra7 c5
27. Bd5 cxb4 28. cxb4 Rbb8 29. g4 Bg6 30. Re3 Rf8 31. Rf3 Qg7 32. Ra6 Rbc8
33. Rxd6 Rcd8 34. Rff6 Qxf6 35. Rxf6 Rxd5 36. f3 Rc8 37. Rb6 Kh7 38. Qe3
Rcd8 39. Qe7 Rxd4 40. Rxb5 Rc8 41. Qe5 Rdd8 42. Rd5 Re8 43. Qd4 Rb8 44. Kh2
Rb7 45. b5 Reb8 46. Qc4 Rb6 47. Kh3 R6b7 48. Rc5 Rd7 49. Rc8 Bd3 50. Qc6
Rdb7 51. Rxb8 Rxb8 52. Qd6 1-0

[Event "FIDE Grand Swiss 2021"]
[Site "Riga"]
[Date "03.11.2021"]
[Round "7"]
[White "Alekseenko, Kirill"]
[Black "Kravtsiv, Martyn"]
[Result "1-0"]
[WhiteElo "2710"]
[BlackElo "2625"]

1. e4 e5 2. Nf3 Nc6 3. Bb5 a6 4. Ba4 Nf6 5. d3 b5 6. Bb3 Be7 7. a4 b4 8. a5
O-O 9. O-O d6 10. Nbd2 Rb8 11. c3 Be6 12. Nc4 bxc3 13. bxc3 h6 14. Re1 Qc8
15. h3 Rd8 16. Bc2 Bf8 17. Qe2 Bxc4 18. dxc4 Nd7 19. Nh2 Nc5 20. Ra3 Nb7
21. Ng4 Ncxa5 22. c5 Nc6 23. Rxa6 Ne7 24. Ba3 Ra8 25. cxd6 cxd6 26. Rxa8
Qxa8 27. Bb4 Ng6 28. g3 Qc8 29. h4 Nc5 30. Ra1 Ne7 31. Qf3 Nc6 32. Bxc5
dxc5 33. Bb3 Qc7 34. h5 Re8 35. Ra6 Nd8 36. Bd5 Ne6 37. Qf5 Bd6 38. Rc6 Qb8
39. Kg2 Re7 40. Ne3 Qd8 41. Qg4 Rc7 42. Ra6 Bf8 43. Rxe6 1-0

[Event "FIDE Grand Swiss 2021"]
[Site "Riga"]
[Date "03.11.2021"]
[Round "7"]
[White "Demchenko, Anton"]
[Black "Movsesian, Sergei"]
[Result "1-0"]
[WhiteElo "2651"]
[BlackElo "2627"]

1. e4 c5 2. Nf3 e6 3. d4 cxd4 4. Nxd4 Nc6 5. Nc3 Qc7 6. Be3 a6 7. Qf3 Nf6
8. O-O-O h5 9. Nxc6 dxc6 10. e5 Qxe5 11. Bc4 Nd5 12. Rhe1 Nxe3 13. Rxe3 Qf6
14. Qg3 h4 15. Qc7 Qe7 16. Qb6 g6 17. Qd4 Rh7 18. Red3 e5 19. Qb6 Bf5 20.
Bxa6 Bxd3 21. Bxb7 Bh6+ 22. Kb1 Rd8 23. Bxc6+ Kf8 24. cxd3 Kg7 25. Qb7 Qc5
26. Ne4 Qd4 27. Qe7 Kh8 28. Ng5 Rb8 29. b3 Bxg5 30. Qxg5 Kg7 31. Qe3 Qd6
32. d4 Rh5 33. Bf3 Rf5 34. dxe5 Qe7 35. e6 Qxe6 36. Qxe6 fxe6 37. h3 Kf6
38. Kb2 Rf4 39. Rd2 Rb6 40. Re2 Rd4 41. Be4 e5 42. Kc3 g5 43. f3 Rb8 44.
Bd3 Rbd8 45. Bc4 Rd1 46. a4 Ra1 47. Bd3 Rd1 48. Bc2 Rc8+ 49. Kb2 Rd4 50.
Be4 Rb8 51. Ka3 Ke6 52. Rc2 Rd1 53. Ra2 Rd4 54. Rb2 Rd1 55. b4 Rbd8 56. a5
R8d4 57. Ra2 Rd7 58. a6 Kd6 59. Ka4 Ra7 60. Ka5 1-0

[Event "FIDE Grand Swiss 2021"]
[Site "Riga"]
[Date "03.11.2021"]
[Round "7"]
[White "Abdusattorov, Nodirbek"]
[Black "Indjic, Aleksandar"]
[Result "1/2-1/2"]
[WhiteElo "2646"]
[BlackElo "2612"]

1. e4 e5 2. Nf3 Nf6 3. d4 Nxe4 4. Bd3 d5 5. Nxe5 Nd7 6. Nc3 Nxc3 7. bxc3
Bd6 8. O-O O-O 9. Re1 c5 10. Nxd7 Qxd7 11. dxc5 Bxc5 12. Qh5 h6 13. Be3 Qc6
14. Bxc5 Qxc5 15. Re3 Qd6 16. Qh4 Bd7 17. Qd4 Rfe8 18. c4 Bc6 19. c5 Qc7
20. Rae1 Rxe3 21. Rxe3 Kf8 22. h3 Rd8 23. Be2 Rd7 24. Rg3 f6 25. Qd3 Kg8
26. Qg6 Re7 27. Bd3 Re1+ 28. Kh2 Kf8 29. Qh7 Qf7 30. Rg4 Qc7+ 31. Rg3 Qf7
32. Rg4 Qc7+ 33. Rg3 Qf7 34. Rg4 1/2-1/2

[Event "FIDE Grand Swiss 2021"]
[Site "Riga"]
[Date "03.11.2021"]
[Round "7"]
[White "Saric, Ivan"]
[Black "Ter-Sahakyan, Samvel"]
[Result "0-1"]
[WhiteElo "2644"]
[BlackElo "2607"]

1. e4 c5 2. Nf3 d6 3. d4 cxd4 4. Nxd4 Nf6 5. Nc3 a6 6. Be3 e5 7. Nb3 Be7 8.
f3 Be6 9. Qd2 h5 10. Nd5 Nxd5 11. exd5 Bf5 12. Be2 a5 13. a4 O-O 14. O-O
Nd7 15. f4 exf4 16. Bxf4 Rc8 17. c3 Nf6 18. Be3 Bg6 19. c4 Re8 20. Bd4 b6
21. Bd3 Bxd3 22. Qxd3 Nd7 23. Bxg7 Kxg7 24. Nd4 Bf6 25. Nf5+ Kf8 26. Qh3
Rxc4 27. Qxh5 Re5 28. Qh6+ Kg8 29. Ra3 Rg4 30. Rh3 Rg6 31. Qh7+ Kf8 32.
Rhf3 Qe8 33. Nh4 Rg4 34. Nf5 Re1 35. Nxd6 Qe7 36. Nf5 Qc5+ 37. Kh1 Qc1 38.
Kg1 Ne5 39. Rf2 Rxf1+ 40. Rxf1 Nf3+ 41. Kf2 Qd2+ 42. Kxf3 Qxg2+ 0-1

[Event "FIDE Grand Swiss 2021"]
[Site "Riga"]
[Date "03.11.2021"]
[Round "7"]
[White "Niemann, Hans Moke"]
[Black "Sindarov, Javokhir"]
[Result "1-0"]
[WhiteElo "2638"]
[BlackElo "2587"]

1. Nf3 Nf6 2. c4 g6 3. Nc3 c5 4. e4 Nc6 5. d4 cxd4 6. Nxd4 d6 7. Be2 Nxd4
8. Qxd4 Bg7 9. Be3 O-O 10. Qd3 Be6 11. O-O Qa5 12. Bd4 Rfc8 13. b3 Nd7 14.
Bxg7 Kxg7 15. f4 f6 16. Kh1 Qb6 17. Rae1 a5 18. Qg3 Nc5 19. Bg4 Bxg4 20.
Nd5 Qd8 21. Qxg4 e6 22. Nc3 Qe7 23. Qd1 a4 24. Nb5 axb3 25. axb3 Ra6 26. b4
Nd7 27. Qd3 e5 28. f5 Nb8 29. Rd1 Rb6 30. Nc3 Rbc6 31. Nd5 Qe8 32. fxg6 Nd7
33. gxh7 Rxc4 34. Ne3 Rc3 35. Nf5+ Kxh7 36. Qxd6 R8c7 37. Rf3 Rc1 38. Rh3+
Kg6 39. Qd2 Rxd1+ 40. Qxd1 1-0

[Event "FIDE Grand Swiss 2021"]
[Site "Riga"]
[Date "03.11.2021"]
[Round "7"]
[White "Yilmaz, Mustafa"]
[Black "Dreev, Aleksey"]
[Result "1-0"]
[WhiteElo "2626"]
[BlackElo "2635"]

1. d4 Nf6 2. c4 e6 3. Nf3 d5 4. Nc3 Nbd7 5. cxd5 exd5 6. Bg5 c6 7. Qc2 Be7
8. e3 Nh5 9. Bxe7 Qxe7 10. O-O-O Nb6 11. Bd3 Bg4 12. Kb1 g6 13. h3 Bxf3 14.
gxf3 Qh4 15. f4 Nf6 16. Rc1 O-O 17. Rcg1 Kh8 18. Rg2 Rac8 19. Ne2 Nfd7 20.
Qd1 c5 21. Rg4 Qe7 22. h4 Nf6 23. Rg5 Nc4 24. h5 cxd4 25. hxg6 fxg6 26.
Nxd4 Ne4 27. Bxe4 Nd2+ 28. Ka1 Nxe4 29. Rg2 Rf6 30. Nf3 Qc5 31. Ne5 Kg7 32.
Nd7 Qe7 33. Nxf6 Qxf6 34. f3 Nd6 35. Qxd5 Re8 36. Qh5 Rh8 37. Qh6+ Kf7 38.
e4 Nc4 39. f5 1-0

[Event "FIDE Grand Swiss 2021"]
[Site "Riga"]
[Date "03.11.2021"]
[Round "7"]
[White "Ivic, Velimir"]
[Black "Zhou, Jianchao"]
[Result "1/2-1/2"]
[WhiteElo "2606"]
[BlackElo "2629"]

1. e4 c5 2. Nf3 d6 3. d4 cxd4 4. Nxd4 Nf6 5. Nc3 a6 6. Be3 e5 7. Nb3 Be6 8.
f3 Be7 9. Qd2 O-O 10. O-O-O Nbd7 11. g4 b5 12. g5 Nh5 13. Kb1 Nb6 14. Na5
Rc8 15. Nd5 Nxd5 16. exd5 Bxd5 17. Qxd5 Qxa5 18. Bd3 g6 19. Be4 Qd8 20. h4
Ng3 21. Rh2 Nxe4 22. fxe4 Qc7 23. h5 Qc4 24. hxg6 Qxd5 25. gxh7+ Kh8 26.
exd5 f5 27. gxf6 Rxf6 28. Bg5 Rf7 29. Bxe7 Rxe7 30. Rh6 Rd8 31. Rdh1 Rc7
32. c3 Rc5 33. Rd1 Rc7 34. Rg1 Rxh7 35. Rgg6 Rxh6 36. Rxh6+ Kg7 37. Re6 a5
38. Kc2 a4 39. b3 axb3+ 40. axb3 Kf7 41. Kb2 Rd7 42. Kc1 Rc7 43. Kc2 Rd7
44. Kb2 Rd8 45. Ka3 Re8 46. Rxe8 Kxe8 47. Kb4 e4 48. c4 Kd7 49. Kc3 Kc7 50.
Kd4 bxc4 51. bxc4 Kd7 52. Kxe4 Ke8 53. Kf4 Kf8 54. Kg4 Kg8 55. Kh3 Kf7 56.
Kg2 Kg8 57. Kh2 Kf8 58. Kh1 Kf7 59. Kg1 Kg7 60. Kf2 Kf8 61. Ke3 Ke7 62. Kd4
Kd8 63. c5 dxc5+ 64. Kxc5 Kc7 65. d6+ Kd7 66. Kd5 Kd8 67. Kc6 Kc8 68. d7+
Kd8 69. Kd6 1/2-1/2

[Event "FIDE Grand Swiss 2021"]
[Site "Riga"]
[Date "03.11.2021"]
[Round "7"]
[White "Svidler, Peter"]
[Black "Praggnanandhaa, R"]
[Result "1/2-1/2"]
[WhiteElo "2694"]
[BlackElo "2618"]

1. e4 c5 2. Nf3 Nc6 3. Bb5 g6 4. Bxc6 dxc6 5. d3 Qc7 6. O-O e5 7. Be3 Nf6
8. Qe1 Bg4 9. Nbd2 Nh5 10. a3 Be7 11. b4 cxb4 12. axb4 O-O 13. Qb1 Nf4 14.
Qb2 f6 15. Bxf4 exf4 16. Qb3+ Kh8 17. d4 g5 18. c4 b6 19. c5 Qd7 20. Qc3
Rfd8 21. Nb3 Kg8 22. Rfe1 bxc5 23. bxc5 Rab8 24. Nfd2 Be6 25. h3 Bf7 26.
Ra6 Qb7 27. Rea1 Qb4 28. Qxb4 Rxb4 29. Na5 Rbxd4 30. Nxc6 Bxc5 31. Nxd4
1/2-1/2

[Event "FIDE Grand Swiss 2021"]
[Site "Riga"]
[Date "03.11.2021"]
[Round "7"]
[White "Brkic, Ante"]
[Black "Van Foreest, Jorden"]
[Result "1-0"]
[WhiteElo "2621"]
[BlackElo "2691"]

1. e4 c5 2. Nf3 d6 3. d4 cxd4 4. Nxd4 Nf6 5. Nc3 a6 6. Bg5 e6 7. f4 Be7 8.
Qf3 Qc7 9. O-O-O Nbd7 10. g4 h6 11. Bxf6 Bxf6 12. h4 Nb6 13. g5 Bxd4 14.
Rxd4 Qc5 15. Rd2 Bd7 16. Be2 Rc8 17. gxh6 Rxh6 18. h5 Na4 19. Nxa4 Bxa4 20.
c3 Bc6 21. Rhd1 Ba4 22. b3 Bb5 23. c4 Bc6 24. Kb2 Rd8 25. Qg3 Bxe4 26. Rd4
Qf5 27. Qxg7 Rh7 28. Qg1 Qf6 29. Qg5 Qxg5 30. fxg5 d5 31. cxd5 exd5 32. h6
Ke7 33. Bc4 Rhh8 34. Re1 f5 35. Rxd5 Rdf8 36. Re5+ Kd6 37. Re6+ Kc7 38. g6
b5 39. g7 1-0

[Event "FIDE Grand Swiss 2021"]
[Site "Riga"]
[Date "03.11.2021"]
[Round "7"]
[White "Yakubboev, Nodirbek"]
[Black "Matlakov, Maxim"]
[Result "1/2-1/2"]
[WhiteElo "2621"]
[BlackElo "2682"]

1. d4 d5 2. c4 c6 3. Nf3 Nf6 4. Nc3 dxc4 5. a4 Bf5 6. Nh4 Bc8 7. Nf3 Bf5 8.
Nh4 Bc8 9. Nf3 Bf5 10. Nh4 Bc8 11. Nf3 1/2-1/2

[Event "FIDE Grand Swiss 2021"]
[Site "Riga"]
[Date "03.11.2021"]
[Round "7"]
[White "Henriquez Villagra, Cristobal"]
[Black "Mamedov, Rauf"]
[Result "1/2-1/2"]
[WhiteElo "2608"]
[BlackElo "2673"]

1. e4 c5 2. Nf3 Nc6 3. Bb5 g6 4. O-O Bg7 5. c3 Nf6 6. Re1 O-O 7. d4 d5 8.
e5 Ne4 9. Be3 cxd4 10. cxd4 Qb6 11. Qe2 Bd7 12. Ba4 Rac8 13. h3 Rfd8 14.
Na3 Nb4 15. Bb3 a5 16. Nd2 a4 17. Nxe4 axb3 18. Nc3 bxa2 19. Nxa2 Nxa2 20.
Rxa2 Qb3 21. Raa1 b5 22. Rec1 b4 23. Nb5 Rc4 24. Nc7 Bf5 25. Qd2 Rc8 26.
Na6 Rxc1+ 27. Rxc1 Rxc1+ 28. Qxc1 Qa4 29. Nc7 Qd7 30. Qc5 e6 31. Qb6 h5 32.
Qb8+ Kh7 33. Ne8 Qe7 34. Bf4 Qf8 35. Qd8 Bh6 36. Bxh6 Kxh6 37. Nd6 Kg7 38.
Qxf8+ Kxf8 39. h4 Bd3 40. f3 Ba6 41. Kf2 Ke7 42. Ke3 f6 43. Kf4 fxe5+ 44.
Kxe5 Bf1 45. g3 Ba6 46. b3 Be2 47. Nb7 Bxf3 48. Nc5 Bd1 49. Nd3 Bxb3 50.
Nxb4 Ba4 51. Na6 1/2-1/2

[Event "FIDE Grand Swiss 2021"]
[Site "Riga"]
[Date "03.11.2021"]
[Round "7"]
[White "Cori, Jorge"]
[Black "Martirosyan, Haik M."]
[Result "1-0"]
[WhiteElo "2655"]
[BlackElo "2624"]

1. d4 Nf6 2. c4 e6 3. Nf3 d5 4. Nc3 Be7 5. Bf4 O-O 6. e3 Nbd7 7. c5 c6 8.
h3 h6 9. a3 b6 10. b4 a5 11. Bd3 Ba6 12. O-O Qc8 13. Qc2 Qb7 14. Rfb1 Bxd3
15. Qxd3 axb4 16. axb4 Rxa1 17. Rxa1 Ra8 18. Qb1 Bd8 19. Rxa8 Qxa8 20. Qa2
Qb7 21. Qa4 b5 22. Qa2 Ne8 23. Ne1 Nc7 24. Nd3 Qa6 25. f3 Qxa2 26. Nxa2 Na6
27. Kf2 f6 28. e4 Kf7 29. g4 Bc7 30. Bxc7 Nxc7 31. e5 f5 32. Nac1 g5 33.
Nb3 fxg4 34. hxg4 Na6 35. Na5 Nab8 36. f4 gxf4 37. Nxf4 Nf8 38. Ke3 Ng6 39.
Nh5 Ne7 40. Kd3 Kg6 41. Nf6 Na6 42. Kc3 Kg5 43. Nb7 Kg6 44. Nd8 Nc7 45. Kd2
Kg5 46. Ke3 Kh4 47. Kd3 Kg5 48. Kd2 Kg6 49. Ke3 Na6 50. Nxe6 Nxb4 51. Kd2
Na6 52. Nh5 Kf7 53. Nhf4 Ng6 54. Nd8+ Ke8 55. Nxg6 Kxd8 56. Nh4 Nc7 57. Nf5
Ne6 58. Kc3 Kd7 59. Nxh6 Ng5 60. Nf5 Ne6 61. Ne3 Ng5 62. Nc2 Ne6 63. Ne1
Ng5 64. Kd3 Ne4 65. Kc2 Ng5 66. Nd3 Ne6 67. Kc3 Ke7 68. Nb4 Kd7 69. Kd3
Nf4+ 70. Ke3 Ne6 71. Nc2 Ke7 72. Ne1 Ng5 73. Nf3 Ne4 74. g5 Kf8 75. Kd3 Kf7
76. Kc2 Ng3 77. Kc3 Nf5 78. Kb4 Ng3 79. Nd2 Kg6 80. Nb3 Nf5 81. Ka5 Kxg5
82. Kb6 Ne7 83. Kc7 Kg6 84. Kd7 Kf7 85. Na5 b4 86. Nb3 Kf8 87. e6 Ng6 88.
Kxc6 Ke7 89. Kxd5 Nf4+ 90. Ke5 Nxe6 91. d5 Nd8 92. Kd4 Kf6 93. c6 Nf7 94.
Kc5 Ke7 95. Nd2 Ne5 96. Kxb4 Nd3+ 97. Kc4 Ne5+ 98. Kc5 Nd3+ 99. Kd4 Nb4
100. Kc4 Na6 101. Ne4 Kd8 102. d6 Kc8 103. Kb5 1-0

[Event "FIDE Grand Swiss 2021"]
[Site "Riga"]
[Date "03.11.2021"]
[Round "7"]
[White "Antipov, Mikhail Al."]
[Black "Gukesh, D"]
[Result "1/2-1/2"]
[WhiteElo "2619"]
[BlackElo "2640"]

1. e4 c5 2. Nf3 Nc6 3. Nc3 e5 4. Bc4 Be7 5. d3 d6 6. a4 Nf6 7. Bg5 Nb4 8.
Ne2 O-O 9. Ng3 Be6 10. c3 Nc6 11. Bxf6 Bxf6 12. O-O b6 13. Bb5 Ne7 14. Bc4
Rb8 15. Qb3 Bg4 16. Ne1 Ng6 17. Nc2 Nf4 18. Ne3 Be6 19. Qd1 Bg5 20. Qf3 g6
21. Ne2 Nh5 22. Rad1 Qd7 23. b3 Kg7 24. d4 Bxe3 25. fxe3 Bg4 26. Qf2 Qe7
27. dxc5 dxc5 28. Rd2 h6 29. Ng3 Nf6 30. Qe1 Rbd8 31. Bd5 h5 32. h3 h4 33.
Nh1 Be6 34. Bxe6 Rxd2 35. Qxd2 Qxe6 36. Nf2 Qxb3 37. Qd6 Re8 38. Qc7 a5 39.
Ng4 Nxg4 40. hxg4 Qe6 41. g5 Re7 42. Qd8 Rd7 43. Qf6+ Qxf6 44. Rxf6 Rd3 45.
Rxb6 Rxc3 46. Rb5 Rxe3 47. Rxa5 Rxe4 48. Rxc5 Rxa4 49. Rxe5 Rf4 50. Kh2 Rf5
51. Rxf5 gxf5 52. Kh3 Kh7 53. Kxh4 Kg6 54. Kg3 Kxg5 55. Kf3 Kf6 56. Kf4 Ke6
57. Kg5 Ke5 58. Kh6 Kf6 59. Kh5 f4 60. Kg4 Ke5 61. Kg5 f6+ 62. Kg6 Ke6 63.
Kh6 Kd6 64. Kg7 Ke5 65. Kg6 1/2-1/2

[Event "FIDE Grand Swiss 2021"]
[Site "Riga"]
[Date "03.11.2021"]
[Round "7"]
[White "Ganguly, Surya Shekhar"]
[Black "Abasov, Nijat"]
[Result "1/2-1/2"]
[WhiteElo "2617"]
[BlackElo "2638"]

1. d4 d5 2. c4 e6 3. Nf3 Nf6 4. g3 dxc4 5. Bg2 Bb4+ 6. Bd2 a5 7. Qc2 Bxd2+
8. Qxd2 c6 9. a4 b5 10. axb5 cxb5 11. Qg5 O-O 12. Qxb5 Ba6 13. Qxa5 Bb7 14.
Qxd8 Rxa1 15. Qxf8+ Kxf8 16. O-O Ra2 17. Ne5 Ba6 18. Rc1 Rxb2 19. Na3 Rxe2
20. Naxc4 Bxc4 21. Rxc4 Nbd7 22. Rc8+ Ke7 23. Rc7 Kd6 24. Rc6+ Ke7 25. Rc7
Kd6 26. Ra7 Nxe5 27. dxe5+ Kxe5 28. Rxf7 g5 29. Bf1 Rd2 30. f4+ Kf5 31.
fxg5 Kxg5 32. Re7 Rd6 33. Bh3 Rd1+ 1/2-1/2

[Event "FIDE Grand Swiss 2021"]
[Site "Riga"]
[Date "03.11.2021"]
[Round "7"]
[White "Kovalev, Vladislav"]
[Black "Kuybokarov, Temur"]
[Result "0-1"]
[WhiteElo "2634"]
[BlackElo "2549"]

1. e4 e5 2. Nf3 Nc6 3. Bb5 a6 4. Ba4 Nf6 5. O-O Bc5 6. c3 b5 7. Bb3 d6 8.
a4 Bg4 9. h3 Bh5 10. d3 Na5 11. Ba2 b4 12. Nbd2 O-O 13. Nc4 Nxc4 14. Bxc4
bxc3 15. bxc3 c6 16. d4 Bxf3 17. gxf3 exd4 18. cxd4 Bb6 19. Be2 c5 20. a5
Bxa5 21. dxc5 Bc3 22. Rxa6 Rxa6 23. Bxa6 dxc5 24. Qxd8 Rxd8 25. Be3 Bd4 26.
Rd1 Kf8 27. Bc4 Ke7 28. Rb1 Nd7 29. Rb7 Rb8 30. Ra7 f6 31. Bf4 Be5 32. Bd2
Rb2 33. Ba5 Bd4 34. Ra8 Ne5 35. Ra7+ Ke8 36. Ra8+ Kd7 37. Ra7+ Kc6 38. Bd5+
Kb5 39. f4 Nf3+ 40. Kg2 Nh4+ 41. Kg3 Bxf2+ 42. Kg4 g6 43. Rxh7 Kxa5 44.
Ra7+ Kb4 45. e5 Rd2 46. Rb7+ Kc3 47. e6 Rxd5 48. Rd7 Rh5 0-1

[Event "FIDE Grand Swiss 2021"]
[Site "Riga"]
[Date "03.11.2021"]
[Round "7"]
[White "Moussard, Jules"]
[Black "Nguyen, Thai Dai Van"]
[Result "1/2-1/2"]
[WhiteElo "2632"]
[BlackElo "2577"]

1. e4 e5 2. Nf3 Nf6 3. Nxe5 d6 4. Nf3 Nxe4 5. d4 d5 6. Bd3 Bd6 7. O-O O-O
8. c4 c6 9. Qc2 h6 10. Re1 Be6 11. b3 Bb4 12. Nbd2 Nd7 13. Bxe4 dxe4 14.
Qxe4 Bc3 15. Rb1 Qa5 16. Qf4 Qxa2 17. Re3 Bxd2 18. Nxd2 Qc2 19. Ra1 Rfd8
20. Nf3 b5 21. d5 cxd5 22. h3 Nf8 23. cxb5 d4 24. Qe4 Qxe4 25. Rxe4 d3 26.
Be3 Bd5 27. Re7 Bxf3 28. gxf3 Rab8 29. Rexa7 Rxb5 30. Ra8 Rbb8 31. Rxb8
Rxb8 32. Rb1 Ng6 33. b4 Nh4 34. b5 d2 35. b6 Nxf3+ 36. Kf1 Ne5 37. Bxd2 Nc4
38. Be3 Nxe3+ 39. fxe3 Kf8 40. Ke2 Ke7 41. Kd3 Kd6 42. Kc4 Kc6 43. Rg1 Rg8
1/2-1/2

[Event "FIDE Grand Swiss 2021"]
[Site "Riga"]
[Date "03.11.2021"]
[Round "7"]
[White "Pichot, Alan"]
[Black "Suleymanli, Aydin"]
[Result "1/2-1/2"]
[WhiteElo "2628"]
[BlackElo "2541"]

1. e4 c6 2. d4 d5 3. e5 Bf5 4. h4 h5 5. Bd3 Bxd3 6. Qxd3 Qa5+ 7. b4 Qxb4+
8. Nd2 Qb5 9. c4 dxc4 10. Nxc4 Qd5 11. Ne2 Na6 12. O-O Rd8 13. Rd1 Nb4 14.
Qb3 b5 15. Qxb4 Qxc4 16. Qxc4 bxc4 17. Be3 e6 18. Rdc1 Ne7 19. Rxc4 Rb8 20.
Rac1 Kd7 21. Nc3 Nf5 22. Ra4 Rb7 23. Bg5 Bb4 24. Ne4 Rhb8 25. Ra6 Rc7 26.
Rb1 Rcb7 27. g3 Kc7 28. Rc1 Nxd4 29. Rc4 Nf5 30. Rcxc6+ Kd7 31. Rc1 Rc8 32.
Rb1 Rcb8 33. Kg2 Ke8 34. Rb3 Kf8 35. Kh3 Kg8 36. Bf4 Be7 37. Rxa7 Rxb3 38.
axb3 Rxb3 39. Nd6 Nxd6 40. exd6 Bf6 41. Ra5 Rd3 42. Rxh5 1/2-1/2

[Event "FIDE Grand Swiss 2021"]
[Site "Riga"]
[Date "03.11.2021"]
[Round "7"]
[White "Gelfand, Boris"]
[Black "Bartel, Mateusz"]
[Result "1/2-1/2"]
[WhiteElo "2680"]
[BlackElo "2597"]

1. d4 Nf6 2. c4 e6 3. Nf3 c5 4. d5 b5 5. e4 Nxe4 6. Bd3 Nf6 7. O-O Be7 8.
Nc3 O-O 9. Nxb5 d6 10. dxe6 fxe6 11. Bf4 Kh8 12. Bc2 e5 13. Bg5 Nc6 14. Nh4
Bg4 15. f3 Be6 16. b3 a6 17. Nc3 Nd4 18. Qd3 e4 19. fxe4 Ng4 20. Rxf8+ Qxf8
21. Bxe7 Qxe7 22. Nf3 Rf8 23. Nxd4 cxd4 24. Qxd4 Qh4 25. h3 Nf2 26. Ne2
Nxh3+ 27. gxh3 Bxh3 28. Qe3 Qg4+ 29. Qg3 Qxe2 30. Qxh3 Qf2+ 31. Kh1 Qxc2
32. Qg2 Rf2 33. Rf1 Rxf1+ 34. Qxf1 Qxe4+ 35. Kg1 Kg8 36. b4 Qd4+ 37. Kh1 d5
38. b5 Qe4+ 39. Qg2 Qxc4 40. bxa6 Qc1+ 41. Kh2 Qh6+ 42. Kg1 Qb6+ 1/2-1/2